00482nam a2200169Ia 4500003000400000005001700004008004100021020001800062040000700080041000800087082002500095100001700120245010900137260003800246300001500284365001300299OSt20230516141543.0210423s2010 xx 000 0 und d a9788184897142 cAL aeng a574.80825223b XIAX aXIA (Xuhua). aBioinformatics and the cell: modern computational approaches in genomics proteomics and transcriptomics. aNew DelhibSpringer Pvt Ltdc2010 axv,349bPB b895cINR